000 00472nam a2200133Ia 4500
008 160809s9999 xx 000 0 und d
100 _aZubair, Muhammed Fuzail.
245 _aM-Health An Emerging Trend An Empirical Study
245 _cMuhammed Fuzail Zubair, Hajrah Jahan, Sophia Rahaman and Roma Raina.
260 _bComputer Science and Information Technology
260 _cJanuary 2016
650 _xINFORMATION TECHNOLOGY
856 _uhttp://airccse.org/V6N49.html
999 _c300062
_d300062